LEADER 01426nam a2200277 i 4500 001 000000188916 003 CaOOAMICUS 005 20100423000000.0 008 100423s1969 be u000 u eng u 013 $a167152 040 $aSeMil$bita 245 10$aReligious pluralism and world community :$binterfaith and intercultural communication /$cedited by Edward J. Jurji. 260 $aLeiden :$bE. J. Brill,$c1969. 300 $aVIII, 314 p. ;$c25 cm. 490 0 $aStudies in the history of religions : supplements to Numen ;$v15. 500 $aAtti della 2. Gallahue Conference, tenuta al Princeton Theological Seminary, maggio, 1966. 650 4$aPluralismo religioso.$0(OLS)http://semarc/subject/9837 650 4$aReligione e sociologia.$0(OLS)http://semarc/subject/19498 650 4$aComunicazione interculturale - Aspetti religiosi.$0(OLS)http://semarc/subject/33614 700 1 $aJurji, Edward Jabra <1907->.$0(OLS)http://semarc/name/69187 830 0$aStudies in the history of religions : supplements to Numen ;$v15.$0(OLS)http://semarc/title/30798 850 $aSeMil 852 $aSeMil$W1$xVenegono$y1$m2X IV 169$j139552$B139552$CSeMilBibl$Z2$F151174 $81 961 $aAcquisto: Casa editrice 996 $6245$aReligious pluralism and world community :$binterfaith and intercultural communication$9(OLS)http://semarc/title/271966 996 $6260$aLeiden :$bE. J. Brill$9(OLS)http://semarc/publisher/30490 LEADER 01056nam a2200265 i 4500 001 000000127235 003 CaOOAMICUS 005 20070306000000.0 008 070306s2001 it u000 u ita u 013 $a99943 040 $aSeMil$bita 100 1 $aPalidda, Salvatore.$0(OLS)http://semarc/name/52902 245 10$aDevianza e vittimizzazione tra i migranti /$cdi Salvatore Palidda. 260 $aMilano :$bFondazione Cariplo - I.S.MU.,$c2001. 300 $a189 p. ;$c23 cm. 490 0 $aQuaderni I.S.MU 500 $aContiene : Bibliografia. - Fondo Card. C.M. Martini. 650 4$aDevianza.$0(OLS)http://semarc/subject/17457 830 0$aQuaderni I.S.MU.$0(OLS)http://semarc/title/22976 850 $aSeMil 852 $aSeMil$W1$xVenegono$y1$m3N IV 467$j81553$B81553$CSeMilBibl$Z2$F123515 $81 941 1 $a4 961 $aOmaggio: Martini Card. Carlo Maria 996 $6245$aDevianza e vittimizzazione tra i migranti$9(OLS)http://semarc/title/187751 996 $6260$aMilano :$bFondazione Cariplo - I.S.MU.$9(OLS)http://semarc/publisher/34637